Los muertos indóciles : necroescrituras y desapropiación /
Salvato in:
| Autore principale: | |
|---|---|
| Natura: | Libro |
| Lingua: | spagnolo |
| Pubblicazione: |
México :
Tusquets,
2013, c2013
|
| Serie: | (Ensayo Tusquets México)
|
| Soggetti: | |
| Tags: |
Nessun Tag, puoi essere il primo ad aggiungerne!!
|
MARC
| LEADER | 00000nam^a2200000^a^4500 | ||
|---|---|---|---|
| 001 | 000338542 | ||
| 005 | 20260320000000.0 | ||
| 009 | 20260407173248.674 | ||
| 020 | |a 978-607-421-453-6 | ||
| 037 | |a Acervo ITESO - Biblioteca | ||
| 041 | |a ESP | ||
| 082 | |a 809. 39354 |b RIV | ||
| 100 | |a Rivera Garza, Cristina |e (autor) | ||
| 245 | 1 | 3 | |a Los muertos indóciles : |b necroescrituras y desapropiación / |c C. Rivera Garza. |
| 264 | 4 | |a México : |b Tusquets, |c 2013, c2013 | |
| 300 | |a 300 p. | ||
| 336 | |a texto |b txt |2 rdacontenido | ||
| 337 | |a sin mediación |b n |2 rdamedio | ||
| 338 | |a volumen |b nc |2 rdasoporte | ||
| 440 | 1 | |a (Ensayo Tusquets México) | |
| 545 | 0 | |a Cristina Rivera Garza (1964), es una escritora, catedrática y periodista nacida en Matamoros, Tamaulipas. Se caracteriza por una evidente intertextualidad, por la deconstrucción de temas clásicos del imaginario colectivo, donde radica su fuerza y su profundidad, entre los que destacan la moralidad o el sexismo de los cuentos infantiles, el del deseo y su producción, la impronta, la traición y la traducción, con una fuerte carga de psicología. Ha recibido los premios José Rubén Romero de 1997 en novela, el premio Iberoamericano Sor Juana Inés de la Cruz en 2001 y 2009, el Premio Anna Seghers 2005, el Premio Iberoamericano de Letras José Donoso en 2021 y en 2024 fue reconocida con el Premio Pulitzer en la categoría de Memorias o autobiografías. Su creación literaria cuenta, entre otros géneros, con poemarios como La más mía (1998) y Los textos del yo (2005); ensayos como Los muertos indóciles: necoescrituras y desapropiación (2013); Había mucha neblina o humo o no sé (2016); cuentos como La guerra no importa (1991) y Ningún reloj cuenta esto (2002); y novela como Desconocer (1994), opera prima finalista del Premio Juan Rulfo; Nadie me verá llorar (2000); La cresta de Ilión (2002); Lo anterior (2004); La muerte me da (2007); La frontera más distante (2008); El mal de la Taiga (2012); Autobiografía del algodón (2020); El invencible verano de Liliana (2021), y Terrestre (2025). | |
| 585 | |a Exposición DIA 2025-03 / El hilo rojo de la violencia | ||
| 649 | |a XX | ||
| 650 | |a Muerte | ||
| 650 | |a Violencia | ||
| 650 | |a Internet - |x Aspectos Sociales y Culturales | ||
| 650 | |a Tecnologías de Comunicación e Información - |x Aspectos Sociales y Culturales | ||
| 650 | |a Narrativa - |x Teoría - |x Tema Principal | ||
| 650 | |a Creación (Literaria, Artística, etc.) - |x Historia y Crítica | ||
| 650 | |a Literatura - |x Historia y Crítica | ||
| 650 | |a Literatura - |x Teoría - |x Historia y Crítica - |x Tema Principal | ||
| 650 | |a Comunicación Escrita | ||
| 650 | |a Literatura Mexicana - |y Siglo XXI | ||
| 650 | |a Literatura de Mujeres - |z México | ||
| 910 | |a Fondo General | ||
| 920 | |a Impresos - Libros | ||
| 930 | |a Colección General | ||
| 940 | |a Literatura | ||
| 905 | |a 101 | ||
| 901 | |a 0500228545 |b IT1 |c LIT |i C139777 |u 20250521 | ||
| 902 | |a https://opac.biblio.iteso.mx/vufind/Record/000338542 | ||